| 000 | 00952cam a22002294a 4500 | ||
|---|---|---|---|
| 999 |
_c12423 _d12423 |
||
| 003 | OSt | ||
| 005 | 20240116161545.0 | ||
| 008 | 040206r20041910nyua d 001 0 eng | ||
| 020 | _a9780486433028 | ||
| 042 | _apcc | ||
| 082 | 0 | 0 |
_a720.14 _222 _bPAR |
| 100 | 1 |
_aParker, John Henry, _d1806-1884. |
|
| 240 | 1 | 0 | _aConcise glossary of terms used in Grecian, Roman, Italian, and Gothic architecture |
| 245 | 1 | 2 |
_aA concise dictionary of architectural terms : _billustrated / _cJohn Henry Parker. |
| 260 |
_aMineola, N.Y. : _bDover Publications, _c2004. |
||
| 300 |
_a335 p. : _bill. ; _c22 cm. |
||
| 500 | _aOriginally published: A concise glossary of terms used in Grecian, Roman, Italian, and Gothic architecture. 12th rev. ed. Oxford, England : J. Parker, 1910. | ||
| 500 | _aIncludes index. | ||
| 650 | 0 |
_aArchitecture _vDictionaries. |
|
| 856 | 4 | 2 |
_3Publisher description _uhttp://www.loc.gov/catdir/enhancements/fy0617/2004043646-d.html |
| 942 | _2ddc | ||